Postcode Areas of the North West - Statistics

General Stats
  • This quiz has been taken 7 times
  • The average score is 14 of 19
Answer Stats
Answer % Correct
Bolton
100%
Liverpool
100%
Manchester
100%
Preston
100%
Blackburn
83%
Blackpool
83%
Carlisle
83%
Crewe
83%
Lancaster
83%
Oldham
83%
Wigan
83%
Chester
67%
Stockport
67%
Warrington
67%
Stoke on Trent
50%
Bradford
33%
Darlington
33%
Dumfries
33%
Shrewsbury
17%
No matching quizzes found
Score Distribution
Percent of People with Each Score
Percentile by Number Answered
Your Score History
You have not taken this quiz